000 03256nam a22003377a 4500
005 20120207113142.0
010 _aB-471063-071
020 _a9788126705658
_c450.00
035 _aB-471063-071
037 _bके.के.पब्लिकेशंस
082 _a520
100 _aमुले, गुणाकर
_949390
245 _aआकाश दर्शन /
_cगुणाकर मुले
250 _a6ठा संस्क
260 _aनई दिल्ली
_bराजकमल प्रकाशन
_c2010
270 _a7/31, 1-बी, नेताजी सुभाष मार्ग
_bनई दिल्ली
_e110002
300 _a376पृ.
_c22सेमी (सजिल्द)
_bसचित्र
700 _941026
942 _2ddc
_cHN
_mमुलेगु
_h520
999 _c62118
_d62118